[Event "Karl Mala Memorial op-A 17th"]
[Site "Frankfurt"]
[Date "2014.07.31"]
[Round "1"]
[White "Cichy, Michael"]
[Black "Schilay, Andre"]
[Result "1/2-1/2"]
[WhiteElo "1965"]
[BlackElo "1585"]
[PlyCount "40"]
[EventDate "2014.07.31"]
[EventType "swiss"]
[EventRounds "7"]
[EventCountry "GER"]
[SourceTitle "EXT 2015"]
[Source "ChessBase"]
[SourceDate "2014.11.20"]
[SourceVersion "1"]
[SourceVersionDate "2014.11.20"]
[SourceQuality "1"]

1. d4 d5 2. Nf3 Nf6 3. c4 c6 4. Nc3 e6 5. Bg5 Be7 6. e3 Nbd7 7. Qc2 h6 8. Bh4 0-0 9. cxd5 exd5 10. Bd3 Bd6 11. 0-0 Qc7 12. Bg3 Bxg3 13. hxg3 Qd6 14. Rfc1 Re8 15. a3 a6 16. Na4 Ne4 17. Bxe4 dxe4 18. Nd2 Qg6 19. Nc3 Nf6 20. Nf1 Bf5 1/2-1/2

[Event "Mittelfranken-chTB2a 1314"]
[Site "Mittelfranken"]
[Date "2014.01.12"]
[Round "4.4"]
[White "Hollederer, Manfred"]
[Black "Schilay, Andre"]
[Result "1/2-1/2"]
[WhiteElo "1786"]
[BlackElo "1706"]
[PlyCount "67"]
[EventDate "2013.10.20"]
[EventType "team-tourn"]
[EventRounds "9"]
[EventCountry "GER"]
[SourceTitle "EXT 2020"]
[Source "ChessBase"]
[SourceDate "2019.10.17"]
[SourceVersion "1"]
[SourceVersionDate "2019.10.17"]
[SourceQuality "1"]
[WhiteTeam "Anderssen/78 Nuernberg"]
[BlackTeam "Neumarkt II"]
[WhiteTeamCountry "GER"]
[BlackTeamCountry "GER"]

1. d4 d5 2. c4 e5 3. e3 dxc4 4. Bxc4 exd4 5. Qxd4 Qxd4 6. exd4 Bd6 7. Nf3 Nf6 8. Nc3 a6 9. 0-0 0-0 10. Bg5 Nbd7 11. Rfe1 h6 12. Bh4 b5 13. Bd5 Nxd5 14. Nxd5 Bb7 15. Ne7+ Kh7 16. Rac1 Bxf3 17. gxf3 f5 18. f4 Bxf4 19. Rc6 Bd6 20. f3 Nb6 21. Rc2 g5 22. Bf2 Rae8 23. Nc6 Rxe1+ 24. Bxe1 Re8 25. Bb4 Rc8 26. Re2 Nd5 27. Bd2 Kg7 28. h4 Kf6 29. hxg5+ hxg5 30. Ne5 Rg8 31. Nd7+ Kf7 32. Ne5+ Kf6 33. Nd7+ Kf7 34. Ne5+ 1/2-1/2

[Event "Mittelfranken-chTB2b 1011"]
[Site "Germany"]
[Date "2011.01.23"]
[Round "5.8"]
[White "Arlt, Birgit"]
[Black "Schilay, Andre"]
[Result "0-1"]
[WhiteElo "1687"]
[BlackElo "1643"]
[PlyCount "72"]
[EventDate "2010.09.26"]
[EventType "team-tourn"]
[EventRounds "9"]
[EventCountry "GER"]
[SourceTitle "EXT 2012"]
[Source "ChessBase"]
[SourceDate "2011.11.24"]
[SourceVersion "1"]
[SourceVersionDate "2011.11.24"]
[SourceQuality "1"]
[WhiteTeam "Schwanstetten"]
[BlackTeam "Neumarkt"]
[WhiteTeamCountry "GER"]
[BlackTeamCountry "GER"]

1. e4 e5 2. Nf3 d6 3. c3 f5 4. exf5 Bxf5 5. d4 e4 6. Qe2 c6 7. Bf4 Be7 8. Nfd2 Nf6 9. c4 0-0 10. Nc3 Qb6 11. Nb3 Nbd7 12. Qd2 d5 13. Be2 Rae8 14. 0-0 Rf7 15. Rac1 Be6 16. c5 Qd8 17. Na1 Nf8 18. b4 a6 19. a4 Ng6 20. Bg3 Ng4 21. Qd1 Qd7 22. b5 axb5 23. axb5 Ref8 24. bxc6 bxc6 25. Bxg4 Bxg4 26. Qd2 Nf4 27. Nc2 h5 28. Ne3 Nd3 29. Rb1 h4 30. Bd6 Rxf2 31. Rxf2 Rxf2 32. Rb8+ Kh7 33. Qxf2 Nxf2 34. Kxf2 Bxd6 35. cxd6 Qxd6 36. Ra8 Qf4+ 0-1

[Event "Nuremberg-ch op 03rd"]
[Site "Nuremberg"]
[Date "2003.06.01"]
[Round "4"]
[White "Riexinger, Martin"]
[Black "Schilay, Andre"]
[Result "1/2-1/2"]
[WhiteElo "1220"]
[BlackElo "1629"]
[PlyCount "51"]
[EventDate "2003.05.30"]
[EventType "swiss"]
[EventRounds "5"]
[EventCountry "GER"]
[SourceTitle "EXT 2006"]
[Source "ChessBase"]
[SourceDate "2005.11.24"]
[SourceVersion "1"]
[SourceVersionDate "2005.11.24"]
[SourceQuality "1"]

1. d4 d5 2. c4 c6 3. Nc3 Nf6 4. Nf3 Bg4 5. Ne5 Bh5 6. b3 e6 7. Bg5 Qa5 8. Qc2 Nbd7 9. Nxd7 Nxd7 10. Bd2 Bg6 11. Qd1 Bb4 12. Qc1 Nf6 13. a3 Be7 14. Nxd5 Qd8 15. Nxe7 Qxe7 16. Bb4 Qc7 17. e3 a5 18. Bc3 0-0 19. Be2 b6 20. 0-0 Rfd8 21. b4 axb4 22. axb4 Qb7 23. Bf3 Bd3 24. Rxa8 Rxa8 25. b5 Qc8 26. Bxc6 1/2-1/2